Chaîne de mots - Russie - Statistiques

Statistiques générales
  • Ce quiz a été pris 12 253 fois
  • Le résultat moyen est 16 sur 24
Statistiques - réponses
Indice Réponse % Correct
Alcool russe par excellence Vodka
96%
Anciennement Léningrad Saint-Petersbourg
89%
Société secrète d'espionnage de l'URSS KGB
85%
Jeu vidéo de blocs d'origine russe Tetris
83%
Il a échoué à envahir la Russie en 1812 Napoléon
80%
Tchaïkovski a composé celui des cygnes Lac
79%
Résidence officielle du président russe Kremlin
77%
Premier satellite mis en orbite Spoutnik
74%
Devise monétaire Rouble
73%
Tsar de Russie, dit « le terrible » Ivan
72%
Dernier tsar de l'empire russe Nicolas
71%
Plat à base d’œufs d'esturgeon Caviar
69%
Chaîne de montagnes qui sépare l'Europe de l'Asie Oural
67%
Ville hôte des Jeux olympiques de 2014 Sotchi
65%
Nombre de Russe ayant marché sur la Lune Zéro
64%
Pays envahi en 1979 Afghanistan
63%
Jeu de société dominé par les Soviétiques au XXe siècle Échecs
63%
Mer frontalière au sud-ouest Noire
63%
Chimiste qui classa les éléments dans un tableau Mendeleïev
60%
Nécessaire pour « jouer » à la roulette russe Revolver
60%
Type d'art représenté au théâtre Bolchoï Ballet
58%
Entreprise majeure de gaz naturel et de pétrole Gazprom
57%
Point culminant de l'Europe Elbrouz
26%
Plus grande ville de Sibérie Novossibirsk
22%
Aucun quiz correspondant
Distribution des résultats
% des personnes avec chaque résultat
Percentile par nombre de réponses
Votre historique - résultats
Vous n’avez pas pris ce quiz